000 00883cam a22002653 4500
001 11288
003 BD-RjUL
005 20211208235112.0
008 140126s1958 nyua b 001 0 eng
035 _a(BD-RjUL)11337
040 _aDLC
_cDLC
_dDLC
_dBD-RjUL
_beng
041 _aeng
082 _a 620.19204228
_bBOE 1958
100 1 _aBovey, Frank A.
_q(Frank Alden),
_d1918-2003.
_934925
245 1 4 _aThe effects of ionizing radiation on natural and synthetic high ploymers /
_cFrank A. Bovey.
246 3 0 _aIonizing radiation
260 _aNew York :
_bInterscience Puiblishers,
_c1958.
300 _axiii, 287 p. :
_billus., diagrs., tables. ;
_c24 cm.
504 _aIncludes bibliographies and indexes.
650 0 _aPolymers
_xEffect of radiation on.
_934927
942 _2ddc
_cBK
999 _c11288
_d11288